[Event "AUTO-OPEN-477"]
[Site "http://www.queenalice.com/game.php?id=140126"]
[Date "2006.12.12"]
[Round "1"]
[White "emredost"]
[Black "panis_et_circenses"]
[Result "0-1"]
[WhiteElo "1368"]
[BlackElo "1462"]

1. d4 e6 2. c4 Qf6 3. Nc3 Nc6 4. Nf3 Bb4 5. Bg5 Qf5 6. e3 Bxc3+ 7. bxc3 h6 8.
Bf4 Kd8 9. Bd3 Qa5 10. Qc2 Nf6 11. Ne5 Ke8 12. O-O h5 13. Rab1 h4 14. Rb5 Qa6
15. Bg6 fxg6 16. Qxg6+ Ke7 17. Qxg7+ Kd8 18. Qxf6+ Ne7 19. Bg5 Ke8 0-1

[Event "AUTO-OPEN-477"]
[Site "http://www.queenalice.com/game.php?id=140127"]
[Date "2006.12.12"]
[Round "1"]
[White "panis_et_circenses"]
[Black "emredost"]
[Result "1-0"]
[WhiteElo "1501"]
[BlackElo "1368"]

1. e4 c5 2. Qf3 Nc6 3. Bc4 Ne5 4. Qc3 Nxc4 5. Qxc4 d6 6. d3 Bd7 7. Nf3 b5 8. Qb3
h6 9. g4 Qb6 10. Nc3 Bxg4 11. Nh4 e6 12. a4 bxa4 13. Qxa4+ Kd8 14. h3 Bh5 15. f3
g5 16. Ng2 Bxf3 17. O-O Bxg2 18. Rxf7 Be7 19. Kxg2 1-0

[Event "Challenge"]
[Site "http://www.queenalice.com/game.php?id=144659"]
[Date "2006.12.21"]
[Round "-"]
[White "panis_et_circenses"]
[Black "Bluepool"]
[Result "1-0"]
[WhiteElo "1500"]
[BlackElo "1457"]

1. e4 e5 2. Qf3 Nc6 3. Bc4 Nh6 4. d3 Nd4 5. Qd1 Bc5 6. c3 Nc6 7. Bxh6 gxh6 8.
Qf3 f6 9. b4 Bd6 10. Qh5+ Ke7 11. Qf7# 1-0

[Event "Challenge"]
[Site "http://www.queenalice.com/game.php?id=147275"]
[Date "2006.12.28"]
[Round "-"]
[White "panis_et_circenses"]
[Black "Bluepool"]
[Result "0-1"]
[WhiteElo "1504"]
[BlackElo "1487"]

1. e4 e5 2. Qf3 Bc5 3. Bc4 Nf6 4. Qb3 O-O 5. Nc3 Nc6 6. Nf3 Na5 7. Qa4 Nxc4 8.
Qxc4 d6 9. d3 Be6 10. Qb5 Ng4 11. Qxb7 Rb8 12. Qa6 Bxf2+ 13. Kf1 Bc5 14. Nb5 Rb6
15. Qa5 Qb8 16. Nxa7 Rb5 17. Nxb5 c6 18. Nc3 Bb4 19. Qa4 Qb6 20. a3 Qf2# 0-1

[Event "Challenge"]
[Site "http://www.queenalice.com/game.php?id=186747"]
[Date "2007.3.23"]
[Round "-"]
[White "panis_et_circenses"]
[Black "Bluepool"]
[Result "1-0"]
[WhiteElo "1466"]
[BlackElo "1486"]

1. e3 e5 2. Qf3 Nf6 3. Nc3 Bb4 4. Ne4 Nxe4 5. Qxe4 Bd6 6. Ne2 b6 7. Qxa8 c6 8.
Qxa7 Na6 9. Nc3 Bb8 10. Qa8 d5 11. Qxc6+ Bd7 12. Qxd5 Nb4 13. Qb3 Qe7 14. a3 Qe6
15. Qxb4 1-0

[Event "Challenge"]
[Site "http://www.queenalice.com/game.php?id=186771"]
[Date "2007.3.23"]
[Round "-"]
[White "panis_et_circenses"]
[Black "mogerio"]
[Result "0-1"]
[WhiteElo "1436"]
[BlackElo "1244"]

1. e4 e5 2. Qf3 Nf6 3. Bc4 c6 4. Qf5 d5 5. Qxe5+ Qe7 6. Qxe7+ Bxe7 7. exd5 b6 8.
dxc6 Be6 9. c7 Nc6 10. Ba6 Bc8 11. Bb5 a6 12. Bxc6+ Kf8 13. Bxa8 Nd7 14. Nc3 Bh4
15. d4 Ke7 16. Ne4 h5 17. Bf4 f6 18. Bd6+ Ke8 0-1

[Event "Challenge"]
[Site "http://www.queenalice.com/game.php?id=186772"]
[Date "2007.3.23"]
[Round "-"]
[White "panis_et_circenses"]
[Black "mogerio"]
[Result "0-1"]
[WhiteElo "1477"]
[BlackElo "1218"]

1. e4 e5 2. Qh5 Qe7 3. d3 g6 4. Qf3 Nf6 5. Bg5 h6 6. Bxf6 Qe6 7. Bxh8 Bg7 8.
Bxg7 Qb6 9. Bxe5 d6 10. Bg7 Kd7 11. d4 Qxd4 12. Bxd4 c5 13. Bf6 Nc6 14. Bc4 b6
15. Bxf7 Kc7 16. Bd5 Bb7 17. Nc3 b5 18. Bxc6 Bxc6 0-1

[Event "Challenge"]
[Site "http://www.queenalice.com/game.php?id=186779"]
[Date "2007.3.23"]
[Round "-"]
[White "panis_et_circenses"]
[Black "mogerio"]
[Result "0-1"]
[WhiteElo "1401"]
[BlackElo "1268"]

1. e4 e5 2. Qf3 Nf6 3. Qf5 g6 4. Qxe5+ Qe7 5. Qxc7 d6 6. Qxc8+ Qd8 7. Bb5+ Ke7
8. Qxb7+ Qd7 9. Bxd7 Nbxd7 10. Qxa8 Nb6 11. Qxa7+ Nbd7 12. b4 Bh6 13. Bb2 d5 14.
exd5 Nxd5 15. Bxh8 Nxb4 16. Kd1 Bg7 17. Bxg7 Nc6 0-1

[Event "Challenge"]
[Site "http://www.queenalice.com/game.php?id=241572"]
[Date "2007.7.18"]
[Round "-"]
[White "panis_et_circenses"]
[Black "hwk"]
[Result "1-0"]
[WhiteElo "1408"]
[BlackElo "702"]

1. e4 e5 2. Bc4 Bc5 3. Qf3 Nf6 4. d3 Qe7 5. Bg5 d5 6. Bxd5 O-O 7. Qg3 Bb4+ 8. c3
Bd6 9. Bh6 Nh5 10. Qg5 Qe8 11. Qxh5 c6 12. Bc4 Kh8 13. Nf3 Qe6 14. Bxe6 fxe6 15.
Be3 b5 16. Ng5 Na6 17. Qxh7# 1-0

[Event "Challenge"]
[Site "http://www.queenalice.com/game.php?id=243541"]
[Date "2007.7.22"]
[Round "-"]
[White "panis_et_circenses"]
[Black "tkcsapphire"]
[Result "1-0"]
[WhiteElo "1430"]
[BlackElo "1047"]

1. e4 d5 2. Qf3 Nf6 3. Nc3 c6 4. d3 Be6 5. Bf4 Nfd7 6. Bxb8 Rxb8 7. exd5 Nb6 8.
dxe6 fxe6 9. Kd1 e5 10. Nh3 Rg8 11. Ng5 h6 12. Nf7 Kd7 13. Nxd8 Rxd8 14. Ne4 Ke6
15. Nc5+ Kd6 16. Nxb7+ Kd7 17. Nxd8 Kxd8 18. Qxc6 e6 19. h4 Be7 20. c4 Bd6 21.
Qxd6+ Ke8 22. Rh3 1-0

[Event "Challenge"]
[Site "http://www.queenalice.com/game.php?id=244525"]
[Date "2007.7.24"]
[Round "-"]
[White "panis_et_circenses"]
[Black "Tlaloc2k"]
[Result "1-0"]
[WhiteElo "1408"]
[BlackElo "1507"]

1. e4 e5 2. Qf3 Nc6 3. Bc4 Qf6 4. d3 Bc5 5. Nc3 a6 6. Nd5 Qd6 7. Nxc7+ Qxc7 8.
Qxf7+ Kd8 9. Qxg7 Nd4 10. Bg5+ Be7 11. Bxe7+ Ke8 12. Qf7# 1-0